000 00287nam a22001337a 4500
020 _a0-7868-4619-4
082 _a823
_bDIS/B
100 _aLIZZIE MCGUIRE
245 _aBEST DRESSED
260 _aUSA
_bDISNEY PRESS
300 _a138
650 _aDO THE CLOTHES MAKE THE GIRL?
942 _cBK
999 _c462
_d462